000 01101nam a22002777a 4500
999 _c111491
_d111491
003 dpl
005 20181119165306.0
008 181119b ||||| |||| 00| 0 eng d
010 _aB-236795
020 _c495.00
_a9788189859459
035 _aB-236795
037 _bBPPD/PUB
040 _aDPL
_bHN
_c0
082 _a808.88
_bमेहता
100 _aमेहता, आलोक
_92125
245 _aतब और अब /
_cआलोक मेहता
246 _aTab aur ab
_bby Aalok Mehta
260 _bकिताबघर प्रकाशन
_aनई दिल्ली
_c2007
270 _a4855-56/24, अंसारी रोड, दरियागंज
_bनई दिल्ली
_e110002
300 _a437पृ.
_c20सेमी (सजिल्द)
650 _aहिंदी - साहित्य और संस्कृति
_943126
650 _aहिंदी साहित्य
_943127
650 _aHindi - literature and culture
_943128
650 _aHindi literature
_943129
942 _2ddc
_cHN
_h808.88
_mमेहता